El país imposible (Record no. 12839)

MARC details
000 -LEADER
campo de control de longitud fija 00813nam a2200253 i 4500
001 - NÚMERO DE CONTROL
campo de control 12839
003 - IDENTIFICADOR DE NÚMERO DE CONTROL
campo de control ES-MaACL
005 - FECHA Y HORA DE LA ÚLTIMA TRANSACCIÓN
campo de control 20230906150423.0
007 - CAMPO FIJO DE DESCRIPCIÓN FÍSICA--INFORMACIÓN GENERAL
campo de control de longitud fija t|
008 - DATOS DE LONGITUD FIJA--INFORMACIÓN GENERAL
campo de control de longitud fija 960822s1995 sp |||| | spa j
020 ## - NÚMERO INTERNACIONAL ESTÁNDAR DEL LIBRO
Número Internacional Estándar del Libro 84-920713-3-8
080 ## - NÚMERO DE LA CLASIFICACIÓN DECIMAL UNIVERSAL
Número de la Clasificación Decimal Universal 32(497.1)"1980/92"
100 1# - ENTRADA PRINCIPAL--NOMBRE DE PERSONA
Nombre de persona Hall, Brian.
9 (RLIN) 61558
245 13 - MENCIÓN DEL TÍTULO
Título El país imposible
Resto del título : Yugoslavia, viaje al borde del naufragio /
Mención de responsabilidad, etc. Brian Hall ; traducido del inglés por Mireia Porta i Arnau.
250 ## - MENCION DE EDICION
Mención de edición 1ª ed.
260 ## - PUBLICACIÓN, DISTRIBUCIÓN, ETC.
Lugar de publicación, distribución, etc. Barcelona :
Nombre del editor, distribuidor, etc. Flor del Viento,
Fecha de publicación, distribución, etc. 1995.
300 ## - DESCRIPCIÓN FÍSICA
Extensión 357 p. ;
Dimensiones 23 cm.
490 1# - MENCIÓN DE SERIE
Mención de serie Cuatro vientos ;
Designación de volumen o secuencia 4
651 #4 - PUNTO DE ACCESO ADICIONAL DE MATERIA--NOMBRE GEOGRÁFICO
Nombre geográfico Yugoslavia-
Subdivisión general Política y gobierno-
Subdivisión cronológica 1980-1992.
9 (RLIN) 168633
700 1# - ENTRADA AGREGADA--NOMBRE PERSONAL
Nombre de persona Porta i Arnau, Mireia.
9 (RLIN) 93179
830 0# - PUNTO DE ACCESO ADICIONAL DE SERIE-TÍTULO UNIFORME
Título uniforme Cuatro vientos ;
Designación de volumen o secuencia 4
9 (RLIN) 228343
852 ## - LOCALIZACIÓN
Ubicación ES-MaACL
Número de control de estantería L-20199
Holdings
Estatus retirado Estado de pérdida Estado de daño No para préstamo Biblioteca de origen Biblioteca actual Ubicación en estantería Fecha de adquisición Fuente de adquisición Total de préstamos Signatura topográfica completa Código de barras Visto por última vez Precio de reemplazo Tipo de ítem Koha
        Biblioteca del Ateneo de Madrid Biblioteca del Ateneo de Madrid Depósito 2 17/01/2008     L-20199 1013078 23/02/2023 23/02/2023 Libro impreso